1997 1270 1465 1537 1154 1248 1082 1702 1550 1240 1355 1473 1531 1653 1933 1993 1216 1021 1604 1838 1379 1026 1876 1168 1216 1859 1636 1477 1141 1062 1941 1003 1319 1838 1584 1682 1761 1424 1436 1062 1000 1224 1251 1804 1832 1467 1922 1929 1496 1163 1442 1042 1553 1840 1058 1641 1823 1696 1566 1467 1365 1170 1405 1528 1866 1982 1537 1511 1490 1078 1252 1609 1584 1149 1804 1548 1551 1457 1817 1858 1677 1992 1863 1303 1853 1902 1100 1180 1816 1834 1947 1789 1099 1454 1230 1599 1149 1121 1093 BCNSPRNW ULIB Ver.6.0+V

เปลี่ยนเป็นภาษาไทย

Change to English
 แสดงรายละเอียดบรรณานุกรม
  กลับหน้าหลัก

Brief Record : Get Marc (ISO 2709) : E-mail record : QR code < ปิดหน้าต่าง
LEADER : 00000nam 2200000uu 4500
001    13399120813
003     ULIB
008    121017s2550||||th 000 0 tha d
020    ^a9789748276366
060 04 ^aWB885^bก879พ
100 0  ^aแกน กายสิทธ์
245 10 ^aพลังจิต:บำบัดรักษาโรค/^cแกน กายสิทธ์
260    ^aกรุงเทพฯ :^bสยามศิลป์ พริ้นท์ แอนด์ แพค,^c2550
300    ^a110 หน้า
650  7 ^aพลังจิต
650  7 ^aรักษาโรค
945    ^p135^l0^i15205
995    ^aทศพร
999    ^aทศพร เกษรทอง
รายการนี้ยังไม่มีแท็ก
คุณยังไม่ได้ล็อกอิน คุณสามารถมีกิจกรรมร่วมกับเว็บไซต์ได้ แต่ต้องล็อกอินก่อน ::
  ล็อกอิน

รายการสื่อสารสนเทศ

ลำดับที่ ประเภท เลขเรียก/บาร์โค้ด สถานที่ สถานะ
1. วิทยาศาสตร์การแพทย์ และสุขภาพ
วิทยาศาสตร์การแพทย์ และสุขภาพ
WB885 ก879พ ฉ.1 
  Barcode: 15205
ห้องสมุดวิทยาเขตสวรรค์ประชารักษ์
►ส่วนจัดเก็บหนังสือเก่า สปร
บนชั้น
  ขอยืม

รายการใกล้เคียง
    หัวเรื่อง [พลังจิต]
    หัวเรื่อง [รักษาโรค]

BibComment


ยังไม่เคยถูกคอมเมนท์

คอมเมนท์ทรัพยากรรายการนี้
  คอมเมนท์: พลังจิตบำบัดรักษ..


 Copyright 2026. Bcnsprnw @Library